000
00329nam a22001457a 4500
008
221102b ||||| |||| 00| 0 eng d
020
_a
0256656355
041
_a
eng
080
_a
159.9
082
_a
159.9
100
_a
24.2
101
_a
PSI
245
_a
INTERPERSONAL PROCESS IN PSYCHOTHERAPY
_c
TEYBER E
942
_2
udc
_c
BK
999
_c
58715
_d
58715